000 00912nam a2200289Ia 4500
001 Para_6180
003 CHAP
008 220125s1978 xx 000 0 und d
010 _a204800
040 _cCHAP
090 _aPA FOLLETO 293
110 _aInstituto Nacional de Investigaciones Agrícolas (México). CIAMEC
_9169571
245 _aLa asociación de cultivos maíz-frijol en el Valle de México /
_c por INIA.CIAMEC
260 _aChapingo, Méx. :
_b el Instituto
300 _a6 p.
440 _aCircular, CIAMEC; 103
_9170751
650 _aFrijol
_x hibridos
_943391
650 _aMaíz
_x hibridos
_970974
710 _aInstituto Nacional de Investigaciones Agrícolas (México). CIAMEC
_9169571
901 _aPA FOLLETO 293
902 _aA
905 _a0000001978 0000000000 00
910 _a1978
942 _cPARA
942 _cPARA
_d1
999 _c204800
_d204800